000
00318nam a2200133Ia 4500
005
20251222144900.0
008
251222s9999||||xx |||||||||||||| ||spa||
020
_a
968-5699-13-5
082
_a
425.04/D31
100
_a
Davies, Paul
245
4
_a
The Language in English Teaching
264
_b
Richmond
942
_c
LIB
999
_c
21932
_d
21932